[Event "TUR Cup"]
[Site "Antalya"]
[Date "2019.02.03"]
[Round "11"]
[White "Eser, Sedat"]
[Black "Ceker, Cetin"]
[Result "1-0"]
[WhiteElo "1355"]
[BlackElo "1330"]
[PlyCount "81"]
[EventDate "2019.01.27"]
[EventType "swiss"]
[EventRounds "11"]
[EventCountry "TUR"]
[SourceTitle "CBM 188 Extra"]
[Source "ChessBase"]
[SourceDate "2019.02.26"]
[SourceVersion "1"]
[SourceVersionDate "2019.02.26"]
[SourceQuality "1"]

1. e4 c6 2. d4 d5 3. exd5 cxd5 4. Bd3 Nf6 5. Bf4 Bg4 6. Nf3 Nc6 7. c3 e6 8. Nbd2 Be7 9. h3 Bh5 10. Qc2 Bg6 11. Bxg6 hxg6 12. Ne5 Nxe5 13. Bxe5 0-0 14. 0-0 Bd6 15. f4 Bxe5 16. dxe5 Nd7 17. Nf3 Qe8 18. Qf2 Qe7 19. Kh1 Nc5 20. Nd2 Nd3 21. Qe2 Nxb2 22. Qb5 Nc4 23. Nxc4 dxc4 24. Qxc4 Rfc8 25. Qb4 Rc5 26. Rfd1 Rac8 27. Rac1 Qc7 28. Qe4 b6 29. Rd3 Rc4 30. Qf3 Qc5 31. Qb7 Qa3 32. Rc2 R4c7 33. Qf3 Qa4 34. Qf2 Rc4 35. Rcd2 Rxf4 36. Rd8+ Rxd8 37. Rxd8+ Kh7 38. Qe1 Qc4 39. Qg3 Rf1+ 40. Kh2 Qc5 41. Qh4# 1-0

[Event "TUR Cup"]
[Site "Antalya"]
[Date "2019.01.30"]
[Round "6"]
[White "Koca, Cisem"]
[Black "Eser, Sedat"]
[Result "1-0"]
[WhiteElo "1416"]
[BlackElo "1355"]
[PlyCount "127"]
[EventDate "2019.01.27"]
[EventType "swiss"]
[EventRounds "11"]
[EventCountry "TUR"]
[SourceTitle "CBM 188 Extra"]
[Source "ChessBase"]
[SourceDate "2019.02.26"]
[SourceVersion "1"]
[SourceVersionDate "2019.02.26"]
[SourceQuality "1"]

1. e4 b6 2. g3 Bb7 3. Bg2 e5 4. Nc3 Nf6 5. d3 d5 6. exd5 Nxd5 7. Nxd5 Bxd5 8. Bxd5 Qxd5 9. Qf3 c6 10. Bd2 Nd7 11. Bc3 Bc5 12. a3 0-0 13. b4 Bd4 14. Bxd4 Qxd4 15. Qd1 Qc3+ 16. Kf1 Rad8 17. Qc1 Qd4 18. Kg2 e4 19. Ne2 Qd5 20. Nc3 Qf5 21. Nxe4 Ne5 22. f4 Ng6 23. Re1 h5 24. Qd1 Qd5 25. Qf3 Ne7 26. Nf6+ gxf6 27. Rxe7 Qxf3+ 28. Kxf3 a5 29. bxa5 bxa5 30. Rc7 Rd6 31. Rb1 Re6 32. Rb6 Kg7 33. Rbxc6 Re1 34. Rc8 Ra1 35. Rxf8 Kxf8 36. Rc3 Ke7 37. Kg2 Ke6 38. Kh3 Kd5 39. Kh4 Rh1 40. h3 Rh2 41. Rc4 Rh1 42. Ra4 Rh2 43. Rxa5+ Kd4 44. Ra4+ Ke3 45. Rc4 Kf3 46. a4 Kg2 47. Kxh5 Rxh3+ 48. Kg4 Rxg3+ 49. Kf5 Rg8 50. a5 Ra8 51. Ra4 Ra6 52. d4 Kf3 53. c4 Ke3 54. c5 Kd3 55. d5 Kc3 56. c6 Kb3 57. c7 Kxa4 58. c8Q Rxa5 59. Qc6+ Kb4 60. Kxf6 Rc5 61. Qxc5+ Kxc5 62. Kxf7 Kxd5 63. f5 Ke5 64. f6 1-0

[Event "TUR Cup"]
[Site "Antalya"]
[Date "2019.01.27"]
[Round "1"]
[White "Eser, Sedat"]
[Black "Atay, Sergen"]
[Result "0-1"]
[WhiteElo "1355"]
[BlackElo "1769"]
[PlyCount "112"]
[EventDate "2019.01.27"]
[EventType "swiss"]
[EventRounds "11"]
[EventCountry "TUR"]
[SourceTitle "CBM 188 Extra"]
[Source "ChessBase"]
[SourceDate "2019.02.26"]
[SourceVersion "1"]
[SourceVersionDate "2019.02.26"]
[SourceQuality "1"]

1. e4 e5 2. Nf3 Nc6 3. Bc4 Bc5 4. c3 Nf6 5. d4 exd4 6. cxd4 Bb4+ 7. Nc3 Nxe4 8. 0-0 Bxc3 9. d5 Bf6 10. Re1 Ne7 11. Rxe4 d6 12. Bg5 Bxg5 13. Nxg5 f6 14. Qe2 fxg5 15. Re1 0-0 16. Rxe7 Bd7 17. Qh5 Be8 18. Qxg5 Bg6 19. Bd3 Rf6 20. Bxg6 Rxg6 21. Qf5 Rf6 22. Qg5 Rf7 23. Qe3 Rxe7 24. Qxe7 Qxe7 25. Rxe7 Rc8 26. f3 Kf8 27. Rd7 c6 28. Rxb7 cxd5 29. g4 Rc2 30. Rd7 Rxb2 31. Rxd6 Rxa2 32. Rxd5 Ke7 33. h4 a5 34. Rb5 a4 35. Rb6 a3 36. Ra6 g6 37. g5 Kf7 38. Rf6+ Ke7 39. Ra6 Kd7 40. f4 Ke7 41. Kh1 Kf7 42. Kg1 Ke7 43. Kh1 Kd7 44. Kg1 Kc7 45. h5 gxh5 46. f5 Kd7 47. Ra7+ Ke8 48. Rxh7 Rb2 49. f6 a2 50. Rh8+ Kf7 51. Rh7+ Kg6 52. Rg7+ Kf5 53. Ra7 Rb1+ 54. Kh2 a1Q 55. Rxa1 Rxa1 56. Kh3 Kxg5 0-1